上蒼選了妳 : 全民女孩Selina的地獄90天 = To Selina

資料類型: Book 圖書   書目號:53959

Leader xxxxxxxxxx
001 __ PCLIS00053959
005 __ 20201023151906.06
010 0_ |a9789866217166|b平裝|dNT$300
020 __ |acw|b82005151
100 __ |a20201023d2020        0chib0109    e
101 0_ |achi
102 __ |acw
105 __ |aa   z   000yy
200 1_ |a上蒼選了妳|e全民女孩Selina的地獄90天 = To Selina|f張承中著|g
205 __ |a初版
210 __ |a新北市|c時周文化出版|d2011.06
215 0_ |a237面|c|d23公分
225 1_ |a|v
300 __ |a
681 __ |a855|b
700 __ |a|b承中|4702 _1 |a|b|4
801 __ |acw|b本館|c20201023
  
  
  
  
  
  
  
  
  
  
  
  
  
  
  
  
  
  
  
  
詳細館藏(共 1 筆)
索 書 號登 錄 號冊次號館別 / 館藏地流通類型狀態加入預約清單電子資源
855 / 8776 2020629  圖書館 / 一樓普通區 可外借30天 在館   

| 條列資料




目錄查詢 分類查詢 個人資料 圖書薦購 新書查詢 閉館日 排行榜 更多電子資源 Hami書城 線上資料庫 登出

From : 216.73.217.87

  本日流通累計至 02:14:57 借閱 : 0 次 續借 : 0 次 歸還 : 0 次 預約 : 0 次 電子資源 : 0 次


內湖高中圖書館  PCLIS 版本  26.5.0.12